Informatika i obrazovanije Naučno-metodičeskoj žurnal Gosudarstvennogo komiteta SSSR po narodnom obrazovaniju

Uložené v:
Podrobná bibliografia
Médium: Seriál
Jazyk:Russian
Vydavateľské údaje: Moskva Pedagogika 1989
Tagy: Pridať tag
Žiadne tagy, Buďte prvý, kto otaguje tento záznam!

MARC

LEADER 00000nas2a2200000 4500
001 s037692
005 20250730114148.8
041 0 |a rus 
044 |a RU 
245 1 0 |a Informatika i obrazovanije  |b Naučno-metodičeskoj žurnal Gosudarstvennogo komiteta SSSR po narodnom obrazovaniju 
264 1 |a Moskva  |b Pedagogika  |c 1989 
300 |a 1 zv.